000 00366nam a2200133Ia 4500
008 191201s1990 xx 000 0 und d
100 _aSHAH, H S
245 0 _aInstrumental Colour Measurements and Computer Aided Colour Matching for Textiles
250 _a1st
260 _aN.Delhi
_bMahajan Books
_c1990
300 _a370
650 _aB.Tech(TE)
942 _2ddc
_cBK
999 _c2570
_d2570